LA DOCTRINA SOCIAL DE LA IGLESIA /

Guardado en:
Bibliografiske detaljer
Hovedforfatter: Antoncich, Ricardo (autor)
Andre forfattere: Munarriz, José Miguel (autor) (autor)
Format: Bog
Udgivelse:2a edición
Serier:CRISTIANISMO Y SOCIEDAD ; 3
Fag:
Tags: Tilføj Tag
Ingen Tags, Vær først til at tagge denne postø!

MARC

LEADER 00000nam^a2200000^a^4500
001 000231554
005 20250521000000.0
009 20260310104523.204
020 |a 84-285-1154-3 
035 |a 055470 
037 |a Acervo Xavier Clavigero 
082 |a 261. 8  |b ANT 
100 |a Antoncich, Ricardo  |e (autor) 
245 1 3 |a LA DOCTRINA SOCIAL DE LA IGLESIA /  |c RICARDO ANTONCICH, JOSE MIGUEL MUNARRIZ 
250 |a 2a edición 
264 |a MADRID :  |b Ediciones Paulinas,  |c 1987: 
300 |a 292 p. 
336 |a texto  |b txt  |2 rdacontenido 
337 |a sin mediación  |b n  |2 rdamedio 
338 |a volumen  |b nc  |2 rdasoporte 
440 |a CRISTIANISMO Y SOCIEDAD ;  |v 3 
649 |a XX 
650 |a Iglesia y Problemas Sociales 
650 |a SOCIOLOGIA CRISTIANA. 
650 |a Teología Social 
700 |a Munarriz, José Miguel  |e (autor) 
910 |a Fondo General 
920 |a Impresos - Libros 
930 |a Colección General 
905 |a 101 
901 |a 055470  |b IT1  |c ACC  |i 055470  |u 20250521 
901 |a 035048  |b IT1  |c ACC  |i 035048  |u 20250521 
902 |a https://opac.biblio.iteso.mx/vufind/Record/000231554